OGC successful delivery toolkit (Record no. 104314)

MARC details
000 -LEADER
fixed length control field 00825cam a2200193 4500
001 - CONTROL NUMBER
control field L129957
008 - FIXED-LENGTH DATA ELEMENTS--GENERAL INFORMATION
fixed length control field 050609n2005 000 0 eng u
035 ## - SYSTEM CONTROL NUMBER
System control number (Sirsi) u129957
041 ## - LANGUAGE CODE
Language code of text/sound track or separate title eng
050 ## - LIBRARY OF CONGRESS CALL NUMBER
Classification number 658.404
-- 18
110 ## - MAIN ENTRY--CORPORATE NAME
Corporate name or jurisdiction name as entry element Office of Government Commerce
9 (RLIN) 3987
245 ## - TITLE STATEMENT
Title OGC successful delivery toolkit
260 ## - PUBLICATION, DISTRIBUTION, ETC.
Place of publication, distribution, etc. London
Name of publisher, distributor, etc. OGC
Date of publication, distribution, etc. 2005
520 ## - SUMMARY, ETC.
Summary, etc. The toolkit summarises government guidance on project management and procurement in the public sector. There is a change log that lists recent updates to the site and a summary of all the guidance available
590 ## - LOCAL NOTE (RLIN)
Local note IKA210605
690 ## - LOCAL SUBJECT ADDED ENTRY--TOPICAL TERM (OCLC, RLIN)
Topical term or geographic name as entry element Project management
9 (RLIN) 6261
856 ## - ELECTRONIC LOCATION AND ACCESS
Uniform Resource Identifier <a href="https://webarchive.nationalarchives.gov.uk/20100503135839/ogc.gov.uk/resource_toolkit.asp">https://webarchive.nationalarchives.gov.uk/20100503135839/ogc.gov.uk/resource_toolkit.asp</a>
Public note View the toolkit free of charge at www.nationalarchives.gov.uk...
942 ## - ADDED ENTRY ELEMENTS (KOHA)
Suppress in OPAC 0
Holdings
Withdrawn status Lost status Source of classification or shelving scheme Damaged status Not for loan Home library Current library Shelving location Date acquired Total Checkouts Full call number Barcode Date last seen Copy number Price effective from Koha item type
    Dewey Decimal Classification     Virtual Virtual Online 09/06/2005   ONLINE PUBLICATION 129957-2001 06/08/2019 1 06/08/2019 Book